000 00918nam a22002297a 4500
999 _c19610
_d19610
003 AR-CdUCM
008 190518b ||||| |||| 00| 0 spa d
040 _aMUNICIPALIDAD PROVINCIAL DEL CUSCO
_cBIBLIOTECA MUNICIPAL DEL CUSCO
041 _heng
082 _a951.05 /
_bC 1
100 _aDoak Barnett, A.
_936816
245 _aPerspectiva histórica de la China comunista :
_bConferencias dictadas en la Universidad Washington en diciembre de 1961, como parte del ciclo presentado por la fundación Oreon E. Scott /
260 _aMéxico :
_bHerrero,
_c1962.
300 _a109 páginas ;
_c22 cm.
505 _aContenido: Perspectiva histórica -- Continuidad y cambio -- Problemas del futuro.
650 _aHistoria
_9136
650 _aChina
_9843
650 _aMovimiento revolucionario
_941048
700 _aÁlvarez Franco, Margarita (traducción)
_931122
942 _2ddc
_cLIBROS
945 _aachl
_d2019-05-18